<?xml version="1.0" encoding="UTF-8"?>
<marc:record xmlns:marc="http://www.loc.gov/MARC21/slim">
   <marc:leader>00000nam a2200000 a 4500</marc:leader>
   <marc:datafield ind1="1" ind2=" " tag="100">
      <marc:subfield code="a">Rettl, Christine</marc:subfield>
      <marc:subfield code="4">aut</marc:subfield>
      <marc:subfield code="e">Verfasser/-in</marc:subfield>
   </marc:datafield>
   <marc:datafield ind1="1" ind2=" " tag="100">
      <marc:subfield code="a">Winfried Opgenoorth</marc:subfield>
   </marc:datafield>
   <marc:datafield ind1="0" ind2="0" tag="245">
      <marc:subfield code="a">Pfoten weg von Jack !</marc:subfield>
   </marc:datafield>
   <marc:datafield ind1="0" ind2="0" tag="245">
      <marc:subfield code="c">Christine Rettl</marc:subfield>
   </marc:datafield>
   <marc:datafield ind1=" " ind2="1" tag="264">
      <marc:subfield code="a">Wien:</marc:subfield>
      <marc:subfield code="b">Dachs</marc:subfield>
      <marc:subfield code="c">2002</marc:subfield>
   </marc:datafield>
   <marc:datafield ind1="1" ind2=" " tag="520">
      <marc:subfield code="a">Floh ist ein junger Hund, der auf einem Bauernhof lebt, von seiner Mutter umsorgt wird und sein Frauchen Anna abgöttisch verehrt. Schließlich gibt es regelmäßige Kost und ausreichend Spiel- und Streicheleinheiten, und Floh ist zufrieden. Aber eines interessiert ihn brennend: Wer ist bloß dieser Jack, vor dem seine Mutter ihn immer warnt? Warum darf er nicht selber herausfinden, was es mit diesem mysteriösen Streuner auf sich hat? Eines Tages nimmt Floh sich ein Herz. Er macht sich auf die Pfoten in Richtung Waldrand und rennt prompt dem Streuner Jack vor die Schnauze. Der nimmt den "Kleinen" mit, und für Floh beginnt ein abenteuerliches Streunerleben mit allen Vor- und Nachteilen, die Suche nach der großen Freiheit. Ein spannender Roman über den Wert der Freiheit und ihre Grenzen. Einfühlsam erzählt von Christine Rettl und gewohnt liebevoll illustriert von Winfried Opgenoorth.</marc:subfield>
   </marc:datafield>
   <marc:datafield ind1=" " ind2=" " tag="020">
      <marc:subfield code="a">3851912551</marc:subfield>
      <marc:subfield code="9">3851912551</marc:subfield>
   </marc:datafield>
   <marc:datafield ind1=" " ind2=" " tag="300">
      <marc:subfield code="a">92 S. : Ill.</marc:subfield>
   </marc:datafield>
</marc:record>
